000 00684nam a2200289Ia 4500
005 20260324120222.0
008 008 260324s9999 xx 000 0 eng d
020 _a9781315588599
037 _aEBOOK
040 _aCRL
040 _beng
040 _cCRL
041 _2eng
041 _aeng
084 _qCRL
100 _aAlastair Ross
_91157703
245 0 _aInnovating Professional Services
245 0 _bTransforming Value and Efficiency
260 _bTaylor and Francis
260 _c2015
365 _a
365 _b230
856 _uhttp://www.taylorfrancis.com/books/9781315588599
942 _cEBOOK
999 _c1749117
_d1749117